000
00322nam a2200157Ia 4500
100
_a
Butcher/Anthony
250
_a
2
942
_c
BK
654
_a
mysql
245
_a
Teach yourself MYSQL in 21days
260
_b
Pearson Education
_c
2003
082
_a
5.72
_b
BUT
300
_a
608
546
_a
ENGLISH
999
_c
19252
_d
19252